Trvale udržitelný rozvoj: fikce nebo realita?
Podnikatelia, bankéri a zástupcovia Ministerstva životného prostredia ČR sa zišli na veľtrhu Envibrno, aby v diskusii riešili vzťah priemyslu k ochrane životného prostredia v ČR. Česká podnikateľská rada pre trvalo udržateľný rozvoj, záväzky jej členov k zlepšeniu ŽP v ČR. Hlavný princíp - eko-efekt...
Gespeichert in:
| 1. Verfasser: | |
|---|---|
| Format: | Buchkapitel |
| Sprache: | Tschechisch |
| Schlagworte: | |
| Tags: |
Keine Tags, Fügen Sie das erste Tag hinzu!
|
MARC
| LEADER | 00000naa a2200000 4500 | ||
|---|---|---|---|
| 001 | r019238 | ||
| 005 | 20221208131457.0 | ||
| 041 | 0 | |a cze | |
| 044 | |a CZ | ||
| 245 | 1 | 0 | |a Trvale udržitelný rozvoj: fikce nebo realita? |c J. Ferenc |
| 520 | |a Podnikatelia, bankéri a zástupcovia Ministerstva životného prostredia ČR sa zišli na veľtrhu Envibrno, aby v diskusii riešili vzťah priemyslu k ochrane životného prostredia v ČR. Česká podnikateľská rada pre trvalo udržateľný rozvoj, záväzky jej členov k zlepšeniu ŽP v ČR. Hlavný princíp - eko-efektívnosť. | ||
| 610 | 2 | 0 | |a prostredie životné |
| 610 | 2 | 0 | |a ochrana prostredia životného |
| 610 | 2 | 0 | |a rozvoj trvalo udržateľný |
| 610 | 2 | 0 | |a ekológia |
| 610 | 2 | 0 | |a podnikatelia |
| 610 | 2 | 0 | |a veľtrhy |
| 610 | 2 | 0 | |a Brno |
| 610 | 2 | 0 | |a Česko |
| 100 | 1 | |a Ferenc, J. | |